000 00454nam a22001577a 4500
999 _c8780
_d8780
003 GBCCL
005 20241126110658.0
008 211011b ||||| |||| 00| 0 eng d
040 _cGBC
082 _a010.44
_bPAI
245 _aPaite/Tedim pau a laibu neihzah suina /
_ccompiled and edited by Tualchin neihsial
260 _aLamka:
_bPaite literature society,
_c1992.
300 _a72 p.;
650 _aBiblipgraphy
_vPaite
_xTedim
_915442
942 _2ddc
_cBK